UM Logo

RFBT MCQ CPA reviewer : (Record no. 11483)

MARC details
000 -LEADER
fixed length control field 00575nam a22001697a 4500
008 - FIXED-LENGTH DATA ELEMENTS--GENERAL INFORMATION
fixed length control field 181205b ||||| |||| 00| 0 eng d
020 ## - INTERNATIONAL STANDARD BOOK NUMBER
International Standard Book Number 978-621-95242-3-0
082 ## - DEWEY DECIMAL CLASSIFICATION NUMBER
Edition number 2017
Classification number DFil 657
Item number D713
100 ## - MAIN ENTRY--PERSONAL NAME
Personal name Domingo, Andrix D.
9 (RLIN) 32917
245 ## - TITLE STATEMENT
Title RFBT MCQ CPA reviewer :
Remainder of title Coaching for results /
Statement of responsibility, etc. Andrix D. Domingo
250 ## - EDITION STATEMENT
Edition statement 2017 edition
260 ## - PUBLICATION, DISTRIBUTION, ETC. (IMPRINT)
Place of publication, distribution, etc. Benguet :
Name of publisher, distributor, etc. Coaching for Results Publishing,
Date of publication, distribution, etc. ©2017.
300 ## - PHYSICAL DESCRIPTION
Extent ii, 1007 pages :
Other physical details illustrations ;
Dimensions 23 cm.
650 ## - SUBJECT ADDED ENTRY--TOPICAL TERM
Topical term or geographic name as entry element Accounting examination
Form subdivision Study guides
9 (RLIN) 32918
365 ## - TRADE PRICE
Price amount 690.00
Currency code php
942 ## - ADDED ENTRY ELEMENTS (KOHA)
Source of classification or shelving scheme Dewey Decimal Classification
Koha item type Filipiniana
Holdings
Withdrawn status Lost status Source of classification or shelving scheme Damaged status Not for loan Collection code Home library Current library Date acquired Source of acquisition Cost, normal purchase price Total Checkouts Total Renewals Full call number Barcode Checked out Date last seen Date last checked out Copy number Koha item type
    Dewey Decimal Classification     Filipiniana UM Digos College - LIC UM Digos College - LIC 08/16/2018 Purchased 690.00 66 1 DFil 657 D713 2017 25256 04/27/2026 04/24/2026 04/24/2026 1 Reserve